Breaking Bad Trivia #A - Statistics

General Stats
  • This quiz has been taken 206 times
  • The average score is 9 of 15
Answer Stats
Hint Answer % Correct
City, where the show takes place Albuquerque
97%
A woman squashes her husbands head with this ATM
79%
Walts prefered way of getting rid of bodies Acid
75%
The cousins prefered weapon of choice Axe
74%
Hanks job title ASAC (Assistant Special Agent in Charge)
71%
The show previously aired on __ AMC
70%
Los Pollos Hermanos has 14 locations, including in this state Arizona
68%
If Mike would make a new start, he would do it here Alaska
66%
Yo yo yo. 148-3 to the 3 to the 6 to the 9, representing the ___, what up, biatch?! ... This is a free greeting. ABQ
61%
Jesse´s girlfriend Andrea Cantillo
61%
Walts car: Pontiac __ Aztek
52%
Todd´s surname Alquist
48%
Jesse´s father Adam Pinkman
28%
Cat´s in the bag __ (S1E3) And the bags in the river
19%
Surname of the ex -J.P. Wynne Highschool Janitor, Hugo Archilleya
8%
No matching quizzes found
Score Distribution
Percent of People with Each Score
Percentile by Number Answered
Your Score History
You have not taken this quiz